000 01087nam a22002657a 4500
999 _c12572
_d12572
003 AR-CdUCM
008 190409b ||||| |||| 00| 0 spa d
020 _a9972-691-27-6
040 _aMUNICIPALIDAD PROVINCIAL DEL CUSCO
_cBIBLIOTECA MUNICIPAL DEL CUSCO
041 _heng
082 _aC / 985.019 /
_bB344
100 _aBauer, Brian
_97686
245 _aEl espacio sagrado de los incas :
_bEl sistema de ceques del Cuzco /
260 _aCuzco :
_bCentro de Estudios Regionales Andinos Bartolomé de las Casas,
_c2000.
300 _aXII, 239 páginas ;
_bIlustraciones, mapas, imágenes,
_c28 cm.
440 _aArchivos de historia Andina
_n33
_930463
505 _aContenido: El manuscrito original del sistema de ceques -- Huacas -- La organización social del Cuzco y su sistema de ceques -- Las huacas y ceques del Chinchaysuyu ...
650 _aArqueología
_9371
650 _aPerú-Cusco
_95400
650 _aÉpoca Prehispánica
_92714
650 _aIncas
_9303
700 _aFlores Espinoza, Javier (traductor)
_93042
942 _2ddc
_cLIBROS
945 _acmm
_d2019-04-09